000 00482nam a2200181Ia 4500
008 170918s9999 xx 000 0 und d
020 _a552991988
050 _bA432ho 1985
100 _aAllende, Isabel
245 4 _aThe house of the spirits /
245 _cby Isabel Allende ; translated from the Spanish by Magda Bogin.
260 _aGreat Britain :
260 _bBlack Swan,
260 _c1985
300 _a490 pages :
300 _billustrations ;
300 _c19cm.
999 _c343440
_d343440